[Event "Biel"]
[Site "Biel"]
[Date "1990.??.??"]
[Round "12"]
[White "Lautier, Joel"]
[Black "Hort, Vlastimil"]
[Result "1-0"]
[WhiteElo "2570"]
[BlackElo "2545"]
[Annotator "Lautier,J"]
[PlyCount "69"]
[EventDate "1990.07.??"]
[EventType "tourn"]
[EventRounds "14"]
[EventCountry "SUI"]
[EventCategory "14"]
[SourceTitle "CBM 019"]
[Source "ChessBase"]
[SourceDate "1990.12.01"]
[SourceVersion "1"]
[SourceVersionDate "1990.12.01"]
[SourceQuality "1"]

1. c4 e6 2. Nc3 d5 3. d4 Nf6 4. Bg5 Nbd7 5. e3 c6 6. Nf3 Qa5 7. cxd5 Nxd5 8.
Qd2 Bb4 9. Rc1 f6 10. Bh4 Nxc3 $6 (10... N7b6 {is better}) 11. bxc3 Ba3 12. Rb1
Nb6 13. Bd3 O-O 14. O-O Qa4 {with idea c5} (14... Be7 15. Qc2 h6 16. Ne5 $1 $16
) 15. Rb3 $1 c5 16. Qc2 $1 h6 (16... c4 $2 17. Bxh7+ Kh8 18. Qg6 cxb3 19. Qh5
Rd8 20. Bg6+ Kg8 21. Qh7+ Kf8 22. Bxf6 $18) 17. Bb5 Qa5 18. Nd2 $1 $16 cxd4 19.
exd4 (19. cxd4 $2 Bb4 $1) 19... a6 20. Bd3 Be7 21. c4 Rd8 22. Nf3 Nd7 23. Bg3
Nf8 24. Be4 Ra7 25. c5 $1 (25. Rfb1 $2 b5 $1 26. cxb5 axb5 27. Rxb5 Qxa2 $14)
25... f5 26. Bd3 Bd7 27. Qb2 {with idea Ra3} Qa4 28. Ne5 Bc8 29. Nc4 $1 Ng6 30.
Bb8 Ra8 31. Nb6 $18 Qxb3 32. Qxb3 Rxb8 33. Nxc8 Rbxc8 34. Qxe6+ Kh8 35. Qxg6
1-0

[Event "TUR-chT 1st League"]
[Site "Konya"]
[Date "2019.07.22"]
[Round "1.5"]
[White "Bajarani, Ulvi"]
[Black "Pourramezanali, Amirreza"]
[Result "1-0"]
[WhiteElo "2485"]
[BlackElo "2480"]
[Annotator "Lutz,C"]
[PlyCount "177"]
[EventDate "2019.07.22"]
[EventType "team-swiss"]
[EventRounds "9"]
[EventCountry "TUR"]
[SourceTitle "CBM 191 Extra"]
[Source "ChessBase"]
[SourceDate "2019.09.30"]
[SourceVersion "1"]
[SourceVersionDate "2019.09.30"]
[SourceQuality "1"]
[WhiteTeam "Ankara Dernegi"]
[BlackTeam "Karaman Saglik"]
[WhiteTeamCountry "TUR"]
[BlackTeamCountry "TUR"]

{[%evp 0,177,35,39,23,-10,25,7,46,8,34,13,22,17,10,3,2,29,2,28,50,47,42,34,44,
39,66,66,54,39,50,61,64,51,56,36,31,14,9,3,52,33,33,43,43,61,57,72,60,66,64,55,
59,64,61,52,57,38,35,23,99,94,74,74,74,83,88,95,95,96,92,85,94,90,80,60,81,98,
97,107,108,112,115,112,115,115,114,114,115,115,115,115,115,115,129,130,131,126,
128,122,129,129,126,128,135,135,143,136,152,127,128,127,141,128,155,154,156,
151,147,147,138,138,149,114,108,109,110,109,110,95,86,71,99,91,92,90,89,97,97,
99,97,97,111,97,114,113,111,113,109,111,108,107,107,107,112,110,110,110,110,
109,109,109,109,109,109,109,131,120,120,119,119,94,123,136,162,201,222,259,259,
259]} 1. d4 d5 2. c4 c6 3. Nf3 Nf6 4. Nc3 e6 5. Bg5 Nbd7 6. e3 Qa5 7. Nd2 Bb4
8. Qc2 O-O 9. Be2 e5 10. O-O exd4 11. Nb3 Qd8 12. Nxd4 dxc4 13. Bxc4 Ne5 14.
Be2 h6 15. Bh4 Ng6 16. Bg3 Qe7 17. Rfd1 Bxc3 18. bxc3 Ne4 19. Bd3 Re8 20. Bxe4
Qxe4 21. Qxe4 Rxe4 22. c4 Nf8 23. Rac1 Bd7 24. Bd6 b6 25. c5 Ne6 26. cxb6 axb6
27. Nxc6 Rxa2 28. Ne7+ Kh7 29. Nd5 Rb2 30. f3 Ra4 31. Be5 Rb3 32. Nxb6 Rxb6 33.
Rxd7 Kg6 34. Rd2 h5 35. h4 Rba6 36. e4 f6 37. Bc3 Ra2 38. Rcd1 Rxd2 39. Rxd2
Ra4 40. Rd6 Kf7 41. Rd7+ Kg6 42. Kh2 Rc4 43. Be1 Rc1 44. Bd2 Rc4 45. Rd5 Ra4
46. Kg3 Ra2 47. f4 Nc5 48. Kf3 Ra3+ 49. Be3 Nd3 50. Ke2 Nb4 51. Rd7 Ra2+ 52.
Bd2 Nc6 53. Kd3 Ra7 54. Rd6 Ne7 55. Bb4 Ng8 56. Rd8 Nh6 57. Rh8 Rd7+ 58. Kc4
Kf7 59. Rf8+ Kg6 60. g3 Nf7 61. Bc5 Nd6+ 62. Bxd6 Rxd6 63. Rh8 Rd1 64. e5 Kf7
65. exf6 gxf6 66. Rxh5 Rg1 67. Kd4 Rxg3 68. Ke4 Kg6 69. Ra5 Rh3 70. h5+ Kh6 71.
Ra8 Kg7 72. Ra7+ Kh6 73. Kf5 Rxh5+ 74. Kxf6 Rb5 75. Re7 Ra5 76. Re1 Ra6+ 77.
Re6 Ra5 78. Re2 Ra6+ 79. Kf7 Ra7+ 80. Re7 Ra5 81. Re6+ Kh7 82. Kf6 Kg8 83. Kg6
Kf8 84. Rf6+ Ke8 85. Kg7 Ke7 86. f5 Re5 87. Rf8 Kd7 88. f6 Rg5+ 89. Kf7 1-0

[Event "Malakoff op 09th"]
[Site "Malakoff"]
[Date "2009.04.14"]
[Round "6"]
[White "Guilleux, Fabien"]
[Black "Sveshnikov, Vladimir"]
[Result "0-1"]
[WhiteElo "2313"]
[BlackElo "2385"]
[Annotator "Malakoff/Primel,D"]
[PlyCount "62"]
[EventDate "2009.04.11"]
[EventType "swiss"]
[EventRounds "9"]
[EventCountry "FRA"]
[SourceTitle "EXT 2010"]
[Source "ChessBase"]
[SourceDate "2010.11.25"]
[SourceVersion "1"]
[SourceVersionDate "2010.11.25"]
[SourceQuality "1"]

1. d4 {Les deux joueurs avaient crée la surprise et ils jouaient а la 1ère
table} d5 2. c4 e6 {Malgré l'ordre des coups, les noirs vont jouer la
semi-slave comme d'habitude} 3. Nc3 Nf6 4. Bg5 c6 5. e3 Nbd7 6. Nf3 Qa5 $5 {
La vieille variante Cambridge Springs} 7. Nd2 dxc4 (7... Bb4 {le coup habituel}
) 8. Bxf6 Nxf6 9. Nxc4 Qc7 10. Be2 {1h12} Be7 11. O-O O-O 12. Bf3 {01h08 Les
blancs doivent continuer а suivre leurs préparations car ils jouent rapidement.
} Rd8 ({RR} 12... Bd7 13. Qe2 Rab8 14. Rac1 c5 15. Ne5 cxd4 16. exd4 Qd6 17.
Nxd7 Qxd7 {1/2-1/2 Danner,G (2445)-Donchenko,A (2378)/Velden 2009/Mega2009
Update 14}) 13. Qc2 Bd7 14. e4 $14 {[%csl Gd4,Ge4] 55 mns} b5 15. Ne5 $146 {
[%csl Re5][%cal Gc6c5,Gc7e5,Ge5f7] Une nouveauté un peu douteuse car le Ne5
manque un peu de soutien mais les blancs avait une idée surprise} (15. Ne3 $142
Rac8 16. e5 Nd5 17. Ne4 {[%csl Gd6][%cal Ge4g5,Gc2h7]} Nxe3 18. fxe3 c5 19.
Rac1 c4 20. Qf2 Rf8 21. b3 Bc6 22. bxc4 Bxe4 23. Bxe4 bxc4 24. Rb1 Qa5 25. Rb7
Qa3 26. Kh1 f6 27. exf6 Bxf6 28. Qe2 Bg5 29. Rxf8+ Rxf8 {Unzicker,W (2525)
-Ljubojevic,L (2615)/Moscow 1977/EU-chT/0-1 (53)}) 15... Rac8 (15... c5 $142 $1
$132 {[%csl Rd4,Re5]}) 16. Nxf7 $1 {0h46 Fabien GUILLEUX avait réalisé une
norme de MI quelques semaines auparavant en Islande et il était en pleine
confiance} Kxf7 17. e5 {[%cal Gc2h7]} Kg8 $1 (17... Nd5 18. Qxh7 Nf4 (18... Rh8
$4 19. Bh5+) 19. Qe4) 18. exf6 Bxf6 $132 {[%csl Rd4] Les noirs ont la paire de
B et du contre-jeu sur le P isolé "d4"} 19. Rad1 {45mns} Be8 {[%csl Rd4]} (
19... Qb6 $142 $5 {[%cal Gf6d4,Gb6d4]}) 20. Ne4 $1 Bg6 $6 (20... Bxd4 21. Ng5
Bg6 22. Be4 $40) 21. Nxf6+ gxf6 22. Qb3 $14 {[%csl Re6] 38ms} Bf7 23. Qe3 c5
24. Qh6 Qe7 25. d5 {20mns} exd5 26. Rfe1 Qf8 27. Qxf6 Qg7 28. Qxg7+ Kxg7 29.
Re7 Kf8 30. Rxa7 d4 31. Be4 c4 {suite illisible et gain noir au 113 ème coup}
0-1

[Event "Metz op 31th"]
[Site "Metz"]
[Date "2013.07.25"]
[Round "8"]
[White "Hilverda, Alexander"]
[Black "Doluhanova, Evgeniya"]
[Result "1-0"]
[WhiteElo "2329"]
[BlackElo "2332"]
[Annotator "Metz Alekhine/Primel,D"]
[PlyCount "41"]
[EventDate "2013.04.20"]
[EventType "swiss"]
[EventRounds "9"]
[EventCountry "FRA"]
[SourceTitle "EXT 2016"]
[Source "ChessBase"]
[SourceDate "2015.10.08"]
[SourceVersion "1"]
[SourceVersionDate "2015.10.08"]
[SourceQuality "1"]
[TimeControl "40/5400:1800+30"]
[WhiteClock "1:30:00"]
[BlackClock "1:30:00"]

1. d4 d5 2. c4 e6 3. Nc3 c6 {Gardant l'option de jouer un stonewall} 4. Nf3 (4.
e4 dxe4 5. Nxe4 Bb4+ 6. Bd2 Qxd4 7. Bxb4 Qxe4+ 8. Be2 Na6 9. Ba5 f6 10. Nf3 b6
11. Nd2 Qf4 12. Bh5+ g6 13. Bf3 Qe5+ 14. Kf1 Qc7 15. Bc3 e5 16. Ne4 Kf7 $132 {
Maletin,P (2621)-Geller,J (2544) Moscow Aeroflot op-A 10th 2011 (4) 1/2}) 4...
Nf6 (4... f5 5. Bf4 Nf6 6. e3 Be7 7. Bd3 O-O 8. Qc2 Ne4 9. g4 (9. h3 Nd7 10. g4
Ndf6 11. O-O-O $36)) (4... dxc4) 5. Bg5 Nbd7 (5... h6 6. Bh4 dxc4 7. e4 g5 8.
Bg3 b5 9. Ne5 Nbd7) 6. e3 Qa5 {[%cal Gd5c4,Ga5g5,Gf6e4] La vieille variante de
Cambridge Springs} 7. cxd5 (7. Nd2 Ne4 (7... Bb4 $142 {Semble plus sain} 8. Qc2
O-O 9. Be2 {Ponomariov,R (2723)-Dreev,A (2710) ESP-chT CECLUB Honor 2011 (2) 1/
2-1/2}) 8. Ndxe4 dxe4 9. Bh4 (9. Bf4)) 7... exd5 (7... Nxd5 {L'alternative} 8.
Rc1 Nxc3 9. bxc3 Ba3 10. Rc2 b6 11. Bd3 Ba6 12. O-O Bxd3 13. Qxd3 O-O 14. Rb1
Rfe8 15. Bh4 Rac8 16. c4 Bd6 (16... Be7 17. Bxe7 Rxe7 18. e4) 17. Ng5 {
Moiseenko,A (2703)-Dreev,A (2679) Jakarta op 2013 (9) 1/2}) 8. Nd2 Ne4 (8...
Bb4 9. Qc2) 9. Ndxe4 dxe4 10. Bh4 Bb4 (10... Nb6 11. Be2 Nd5 12. O-O Nxc3 13.
bxc3 Bd6 14. c4 c5 15. Qc2 f5 16. dxc5 Qxc5 17. Bh5+ g6 18. Be2 O-O 19. Rab1
Qc7 20. Bg3 Bxg3 21. hxg3 Be6 22. c5 Rac8 23. Rfc1 Qf7 24. a4 Rc7 25. Qb2 Rfc8
26. Qd4 Qe7 27. Qe5 b6 28. g4 Rxc5 29. Rxc5 Rxc5 30. Qb8+ Rc8 31. Qe5 Rc5 32.
Qb8+ Rc8 33. Qe5 {1/2-1/2 (33) Vasilev,M (2473)-Heberla,B (2545) Plovdiv 2013})
11. Qc2 Nb6 12. Be2 Nd5 13. O-O $1 Bxc3 14. bxc3 Nxc3 15. Bc4 Be6 $2 $146 (
15... O-O $142 16. Rfc1 $32 Nb5 17. a4 {Hracek,Z (2510)-Handoko,E (2490)
Jakarta 1994 (8) 0-1}) 16. Bxe6 fxe6 17. f3 $1 {[%csl Re8,Gf1]} exf3 $2 {
Avec un tel retard de développement, l'ouverture du centre est suicidaire.} (
17... O-O $8) 18. Rxf3 b5 $2 19. Raf1 $18 {[%csl Re8]} b4 20. Qf2 Qh5 21. Rf8+
1-0

[Event "EU-ch (Women) 12th"]
[Site "Tbilisi"]
[Date "2011.05.13"]
[Round "7"]
[White "Cmilyte, Viktorija"]
[Black "Nechaeva, Marina"]
[Result "1-0"]
[WhiteElo "2504"]
[BlackElo "2387"]
[Annotator "Mikhalchishin,A"]
[PlyCount "57"]
[EventDate "2011.05.07"]
[EventType "swiss"]
[EventRounds "11"]
[EventCountry "GEO"]
[SourceTitle "CBM 142 Extra"]
[Source "ChessBase"]
[SourceDate "2011.06.27"]
[SourceVersion "1"]
[SourceVersionDate "2011.06.27"]
[SourceQuality "1"]

1. d4 d5 2. c4 c6 3. Nc3 Nf6 4. Nf3 e6 5. Bg5 Nbd7 6. e3 Qa5 7. cxd5 ({The
main variation went out off fashion:} 7. Nd2 dxc4 8. Bxf6 Nxf6 9. Nxc4 Qc7 {
- Black hopes that after the eventual ...c6-c5 his bishop pair will become
very active.}) 7... Nxd5 8. Rc1 Bb4 9. a3 Bxc3+ 10. bxc3 h6 11. Bh4 Qxa3 {
The pawn sacrifice is a very cheap price for White's advantage in development
and the power of the centre.} ({Simple development promises more chances:} 
11... b6 12. Nd2 Nxc3 $2 (12... Ba6 13. c4 N5f6 {was playable.}) 13. Qc2 Nd5
14. Qxc6 O-O 15. Qxa8 Qxa3 16. Rxc8 Nc3 17. Rxf8+ Nxf8 18. f3 Qc1+ 19. Kf2
Qxd2+ 20. Kg1 g5 21. Bg3 Qxe3+ 22. Bf2 Qc1 23. h3 a5 24. Kh2 Qf4+ 25. Bg3 Qxd4
26. Qb8 {1-0 Mkrtchian,L (2468)-Madl,I (2405)/Paks HUN 2011/}) 12. Qd2 b6 (
12... b5 $6 13. Bd3 O-O 14. O-O Bb7 15. c4 (15. e4 {was also worth considering}
) 15... bxc4 16. Bxc4 N5b6 17. Bd3 Rfc8 $1 18. Bb1 {too slow.} (18. e4 $5)
18... c5 19. dxc5 Nxc5 20. Qd6 Qa4 21. Nd4 Qd7 (21... Ne4 $5) 22. Qf4 g5 $6 (
22... Ba6 23. Rfd1 Nd3 24. Rxc8+ Rxc8 $17) 23. Qf6 gxh4 24. Qxh6 f5 (24... Ne4
25. f3 Rxc1 (25... e5 26. Rxc8+ Rxc8 27. fxe4 exd4 28. Ba2 $18) 26. Rxc1 Rc8
27. Rf1 $1 Nc5 28. Bh7+ Kh8 29. Rc1 $1 $16) 25. Rxc5 Rxc5 26. Nxe6 Rac8 27.
Qg6+ Kh8 28. Qf6+ Kg8 29. Bxf5 Rxf5 ({After} 29... Rc1 30. Qg5+ Kh8 31. Qxh4+
Kg8 32. Qg4+ Kh8 33. Qh5+ Kg8 34. f3 Rxf1+ 35. Kxf1 {White can play for a win
with a draw in hand.}) 30. Qxf5 Bd5 {1-0, Kramnik-Shirov, Moscow 2010, and
Black can defend this position successfully, but it was not Shirov's piece of
cake!}) ({We need practical tests. Probably the best try is} 12... Ne7 13. e4
f5 14. Bxe7 Qxe7 15. Bd3 O-O 16. O-O) 13. Bd3 ({Another possible option was an
immediate action in the centre:} 13. e4 N5f6 14. Bd3 Ba6 15. O-O Bxd3 16. Qxd3
g5 17. Bg3 Nh5 18. Nd2) 13... Bb7 $2 ({In such situations it is recommended to
try to exchange more pieces,} 13... Ba6) 14. O-O ({It was possibly better to
start actions in the centre immediately:} 14. e4 Ne7 15. Bg3 Ng6 16. h4) 14...
Qf8 $2 {A cowardly move.} ({But a more active central approach led to problems
too:} 14... f5 15. c4 N5f6 16. c5) 15. e4 Ne7 ({Another retreat just
accelerated White's initiative:} 15... N5f6 16. e5 Nd5 17. c4 Ne7 18. Rfe1 g5
19. Bg3 Qg7 20. Be4) 16. c4 ({There was another possible way:} 16. Bg3 Ng6 17.
h4 Nf6 18. e5 Nd5 19. h5 Nge7 20. c4 Nc7 {, but after such active moves,
suddenly it becomes difficult to continue the improvement of White's pieces.})
16... Ng6 $2 ({It was necessary to try to close the centre with} 16... c5 17.
d5 e5 18. Bg3 Ng6 19. h4 Qd6) 17. Bg3 Qe7 $6 ({Now it was possible to close
the centre in a different way:} 17... e5) 18. h4 h5 19. e5 $1 $16 c5 20. d5 $1
Ngf8 ({Bad, as it is, but it was necessary to solve the problem of the king:} 
20... O-O) 21. d6 $18 {With such a pawn d6 Black has no hopes for defence.} Qd8
22. Ng5 f5 23. Bxf5 $1 exf5 24. e6 Qf6 25. exd7+ Kxd7 26. Rfe1 Re8 27. Rxe8
Kxe8 28. Re1+ Kd8 29. Re7 1-0

[Event "SLO-chT 27th"]
[Site "Slovenia"]
[Date "2017.12.09"]
[Round "8.2"]
[White "Lenic, Luka"]
[Black "Brumen, Dinko"]
[Result "1/2-1/2"]
[WhiteElo "2646"]
[BlackElo "2338"]
[Annotator "Mikhalchishin,A"]
[PlyCount "80"]
[EventDate "2017.09.29"]
[EventType "team-tourn"]
[EventRounds "9"]
[EventCountry "SLO"]
[SourceTitle "CBM 182"]
[Source "ChessBase"]
[SourceDate "2018.01.17"]
[SourceVersion "1"]
[SourceVersionDate "2018.01.17"]
[SourceQuality "1"]
[WhiteTeam "Ljubljana Duol"]
[BlackTeam "Krsko Triglav"]
[WhiteTeamCountry "SLO"]
[BlackTeamCountry "SLO"]
[WhiteClock "0:02:55"]
[BlackClock "0:35:58"]

1. d4 d5 2. Nf3 Nf6 3. c4 e6 4. Nc3 Nbd7 5. Bg5 c6 6. e3 Qa5 7. Nd2 Bb4 8. Rc1
O-O ({Few top GMs prefer here} 8... Ne4 9. Ncxe4 (9. Ndxe4 dxe4 10. c5 Qxa2 11.
Qd2 Qa5 12. Bc4 b6 13. O-O bxc5 14. Ra1 Qb6 15. Rfd1 cxd4 16. exd4 O-O 17. Qe2
a5 {Lie,K (2563)-Vallejo Pons,F (2660) Heraklio 2007, with great play.}) 9...
dxe4 10. c5 (10. Bh4 Qxa2 11. Be2 Qxb2 (11... Qa5 12. O-O Bxd2 13. Ra1 Qb4 14.
Qc2 c5 15. Ra4 Qb6 16. Qxd2 e5 17. Ra5 Qh6 18. Bg3 exd4 $17 {Grischuk,A (2810)
-Mamedyarov,S (2759) Tbilisi 2015}) 12. Rc2 Bxd2+ 13. Qxd2 Qa3 14. O-O O-O 15.
c5 b5 16. cxb6 axb6 17. Rxc6 Ba6 18. Bxa6 Qxa6 19. Qc2 Qd3 20. Qxd3 exd3 {
Wojtaszek,R (2722)-Navara,D (2735) Gjakova KOS 2016. with an equal ending.})
10... b6 11. a3 Bxd2+ 12. Qxd2 Qxd2+ 13. Kxd2 bxc5 14. b4 f6 15. Bf4 e5 16.
dxe5 fxe5 17. Bg3 h5 18. h4 Ke7 19. Be2 Rd8 20. Rhd1 {Lenic,L (2646)-Fressinet,
L (2650), with a slightly better ending for White.}) (8... Bxc3 9. bxc3 O-O 10.
Be2 b6 11. Bf4 Re8 12. a4 c5 13. O-O cxd4 14. exd4 e5 15. dxe5 Nxe5 16. cxd5
Qxd5 17. c4 Qd4 18. Be3 Qh4 {Aronian,L (2803)-Mamedyarov,S (2757) Beijing 2013,
with an equal game.}) 9. Bh4 {It seems to be the best option among few others:}
(9. a3 Bxc3 10. Rxc3 dxc4 11. Bxf6 Nxf6 12. Nxc4 Qd5 13. b4 b6 14. Be2 Qxg2 15.
Bf3 Qh3 {Khalifman,A (2614)-Dreev,A (2654) Legnica 2013, with complications.})
(9. Be2 Bxc3 10. Rxc3 Qxa2 11. Qc1 Qa5 12. Ra3 Qd8 13. O-O e5 14. cxd5 cxd5 15.
Nb3 Qb6 16. Bxf6 Qxf6 17. Qc7 exd4 18. Nxd4 Ne5 {Molner,M (2499)-Dreev,A (2628)
Las Vegas 2015, with a complicated position.}) 9... c5 ({Or} 9... e5 10. dxe5
Ne4 11. Ndxe4 dxe4 12. a3 Bxc3+ 13. Rxc3 Nxe5 14. Be2 $14 {/=}) 10. dxc5 Bxc3
11. Rxc3 Qxa2 12. b4 $5 {The most principial continuation, as protection of
the pawn gives Black sufficient counterplay:} (12. Rc2 dxc4 13. Bxc4 Qa5 14.
O-O Qxc5 $13) 12... a5 $1 {Black's only chance is to try to destroy the white
pawn structure.} 13. b5 a4 $5 (13... Nxc5 $145 14. Bxf6 gxf6 15. Qc1 Qa4 $1 16.
cxd5 b6 17. Rc4 Qa2 18. Rg4+ Kh8 19. Bc4 Qa4 20. Rf4 $13) 14. Qc1 a3 15. Bxf6 (
{This sharp line can be just dangerous for White} 15. c6 bxc6 16. bxc6 Ne5 17.
Bxf6 gxf6 18. Rc2 Qxc2 $2 19. Qxc2 a2 20. Nb3 a1=Q+ 21. Nxa1 Rxa1+ 22. Kd2 Rd8
$11) (15. Rc2 $1 Qxc2 16. Qxc2 a2 17. Nb3 a1=Q+ 18. Nxa1 Rxa1+ 19. Ke2 $14)
15... gxf6 $6 ({The other recapture was much better:} 15... Nxf6 16. Bd3 Qb2
17. Qxb2 axb2 18. Ke2 Ra1 19. Rb1 Rxb1 20. Bxb1 Bd7 21. Rb3 Rc8 $11) 16. Rc2 {
With this move starts a long forced line, where White regains the queen, but
his king is a bit uncomfortable in the centre.} Qxc2 17. Qxc2 a2 18. Nb3 a1=Q+
19. Nxa1 Rxa1+ 20. Ke2 Nxc5 21. cxd5 b6 22. Qb2 Ra4 23. f3 $1 {A very nice way
to create a safe haven for the king.} Bb7 24. Kf2 e5 25. Be2 $6 ({Much better
was to take the king's escape route:} 25. e4 $1 Rfa8 26. Qc1 Ra2+ 27. Kg3 R8a3
28. Kh4 $1) 25... Bxd5 26. Ra1 Rxa1 27. Qxa1 Ra8 28. Qd1 Be6 29. Kg3 $6 ({
It was necessary to calculate a little bit better:} 29. Qd6 Ra2 30. Qxb6 Nd3+
31. Kg3 Rxe2 32. Qd8+ {[%cal Rd8g8,Rd8d3]}) 29... Kg7 30. Qd6 Ra2 31. Bd1 Bc4
32. Qxb6 $6 {Wrong timing - it was necessary to think about the king position
first:} (32. h3 Bf1 33. Kh4 Rxg2 34. f4 exf4 35. exf4 Ne6 36. Bf3 Rf2 37. Qd1
Nxf4 38. Kg3 Nxh3 $13) 32... Bf1 $1 33. Qxc5 ({White has no time now for his
king to escape and Black can reach the perpetual:} 33. Kh4 Rxg2 34. h3 Nd7 35.
Qc6 Nf8 $11) 33... Rxg2+ 34. Kh4 Rxh2+ 35. Kg3 Rg2+ 36. Kh4 Rh2+ 37. Kg4 Rg2+
38. Kh4 Rh2+ 39. Kg4 Rg2+ 40. Kh4 Rh2+ 1/2-1/2